| 000 | 00447nam a2200157 4500 | ||
|---|---|---|---|
| 001 | 116499 | ||
| 003 | ES-MaACL | ||
| 005 | 20230906190722.0 | ||
| 007 | t| | ||
| 008 | 061121s1904 fr r ||||1| fre d | ||
| 100 | 1 |
_aPaulhan, Frédéric ( _d1856-1931) _989647 |
|
| 245 | 1 | 3 |
_aLa fonction de la memoire et le souvenir affectif / _cpar Fr. Paulhan. |
| 260 |
_aParis : _bAlcan, _c1904. |
||
| 300 |
_a179 p. ; _c18 cm. |
||
| 852 |
_aES-MaACL _jF-11718 |
||
| 999 |
_c116499 _d116499 |
||